000 002550000a22000970004500
245 1 0 _aVoces
300 _aVol.0, núm.3 (Junio, 2004), Páginas 6-8
520 _aDesde el gobierno. Desde las instituciones.
773 0 _tEducación para la paz
942 _cANA
999 _c60189
_d60189